| 000 | 00776nam a2200229 a 4500 | ||
|---|---|---|---|
| 001 | 000047962 | ||
| 005 | 20201002060830.0 | ||
| 008 | 181005s2016 dr a r 000 0 spa d | ||
| 020 | _a9789945595857 | ||
| 040 |
_aDO-SdBNP _bspa _cBNPHU |
||
| 082 |
_axxxx _bP343e, 6to |
||
| 100 | 1 |
_aPayán Velez, Carolina _bV436e _974865 |
|
| 245 | 1 | 0 |
_aEducación artística 6 : _bsexto grado, segundo ciclo, educación primaria / _cCarolina Payán Velez, Verónica Veloz: colaboración Mariela Minaya. |
| 260 |
_aSanto Domingo : _bActualidad, _c2016. |
||
| 300 |
_a160 p. : _bil. ; _c28 cm. |
||
| 490 | 1 | _aVeraz | |
| 504 | _aBibliografía : p. 160 | ||
| 590 | _aInventariado, 2019/MFF | ||
| 700 | 1 |
_aVeloz, Verónica _974850 |
|
| 700 | 1 |
_aMinaya, Mariela _974883 |
|
| 830 | 0 |
_aVeraz _974848 |
|
| 999 |
_c47450 _d47450 |
||